<?xml version="1.0" encoding="UTF-8"?>
<record
    xmlns:xsi="http://www.w3.org/2001/XMLSchema-instance"
    xsi:schemaLocation="http://www.loc.gov/MARC21/slim http://www.loc.gov/standards/marcxml/schema/MARC21slim.xsd"
    xmlns="http://www.loc.gov/MARC21/slim">

  <leader>09141njm a2200769Ia 4500</leader>
  <controlfield tag="001">C8388</controlfield>
  <controlfield tag="003">IT-RoPAU</controlfield>
  <controlfield tag="005">20220918181110.0</controlfield>
  <controlfield tag="008">131025s9999    xx            000 0 und d</controlfield>
  <datafield tag="040" ind1=" " ind2=" ">
    <subfield code="a">IT-RoPAU</subfield>
  </datafield>
  <datafield tag="040" ind1=" " ind2=" ">
    <subfield code="c">IT-RoPAU</subfield>
  </datafield>
  <datafield tag="999" ind1=" " ind2=" ">
    <subfield code="c">98900</subfield>
    <subfield code="d">98900</subfield>
  </datafield>
  <datafield tag="999" ind1=" " ind2=" ">
    <subfield code="b">n.d.</subfield>
  </datafield>
  <datafield tag="100" ind1=" " ind2=" ">
    <subfield code="a">AA.VV</subfield>
    <subfield code="9">794</subfield>
  </datafield>
  <datafield tag="100" ind1=" " ind2=" ">
    <subfield code="e">Autore musica</subfield>
    <subfield code="9">30359</subfield>
  </datafield>
  <datafield tag="100" ind1=" " ind2=" ">
    <subfield code="g">Codice autore musica SPICS: 12000</subfield>
    <subfield code="9">796</subfield>
  </datafield>
  <datafield tag="245" ind1=" " ind2=" ">
    <subfield code="a">Cootie Williams</subfield>
  </datafield>
  <datafield tag="250" ind1=" " ind2=" ">
    <subfield code="a">2a ed.</subfield>
  </datafield>
  <datafield tag="260" ind1=" " ind2=" ">
    <subfield code="a">MILANO</subfield>
  </datafield>
  <datafield tag="260" ind1=" " ind2=" ">
    <subfield code="b">RUSCONI</subfield>
    <subfield code="c">1995 [1a Ed.:0]</subfield>
  </datafield>
  <datafield tag="300" ind1=" " ind2=" ">
    <subfield code="a">COMPACT DISC</subfield>
  </datafield>
  <datafield tag="300" ind1=" " ind2=" ">
    <subfield code="c">64 minuti (Testo: 0 pag.)</subfield>
  </datafield>
  <datafield tag="500" ind1=" " ind2=" ">
    <subfield code="a">Musica jazz. Cd fuori commercio allegato al n. 2 1995 della rivista "Musica jazz".</subfield>
  </datafield>
  <datafield tag="505" ind1=" " ind2=" ">
    <subfield code="a">Mournful Tho'ts [(New York, 18 giugno 1928) (3:00)] - Sweet Chariot [(New York, 30 ottobre 1930) (3:00)] - Bundle of Blues [(New York, 16 maggio 1933) (4:00)] - Echoes of Harlem [(New York, 27 febbraio 1936) (4:00)] - Fine and Dandy [(New York, 31 marzo 1937) (3:00)] - Stompology [(New York, 14 aprile 1937) (4:00)] - Riding On A Blue Note [(New York, 2 febbraio 1938) (3:00)] - Mobile Blues [(New York, 21 dicembre 1938) (3:00)] - Concerto For Cootie [(New York, 12 giugno 1940) (5:00)] - Royal Garden Blues [(New York, 7 novembre 1940) (3:00)] - Fiesta in blue (3:00) - West End Blues [(New York, 7 maggio 1941) (4:00)] - Fly Right (Epistrophy) [(Chicago, 1 aprile 1942) (3:00)] - Sweet Lorraine [(New York, 6 gennaio 1944) (4:00)] - Round Midnight [(New York, 22 agosto 1944) (4:00)] - Floogie Boo [(New York, 12 febbraio 1945) (4:00)] - Sound Track [(New York, 1947) (3:00)] - I Knew You When [(New York, 7 maggio 1957) (5:00)] - Tutti For Cootie [(Juan-Les-Pins 26 luglio 1966) (7:00)]</subfield>
  </datafield>
  <datafield tag="511" ind1=" " ind2=" ">
    <subfield code="a">Williams Cootie: tr; Pinkett Ward: tr, scon, trne; Holmes Charlie: alto, cl, scon. ten, cl; Johnson James P.: p; Waller Fats: p; Watts Joe: cb; Jimmy Johnson and His Orchestra</subfield>
  </datafield>
  <datafield tag="511" ind1=" " ind2=" ">
    <subfield code="a">Whetsol Arthur: tr; Jenkins Freddy: tr; Williams Cootie: tr, voc; Nanton Joe: trne; Tizol Juan: trne; Bigard Barney: cl, ten; Hodges Johnny: alto; Carney Harry: bar; Ellington Duke: p; Guy Fred: bj; Braud Wellman: cb; Greer Sonny: batt; The Harlem Footwarmers (Duke Ellington and His Orchestra)</subfield>
  </datafield>
  <datafield tag="511" ind1=" " ind2=" ">
    <subfield code="a">Whetsol Arthur: tr; Williams Cootie: tr; Brown Lawrence: trne; Nanton Joe: trne; Tizol Juan: trne; Bigard Barney: cl, ten; Hodges Johnny: alto; Hardwicke Otto: alto; Carney Harry: bar; Ellington Duke: p; Guy Fred: chit; Braud Wellman: cb; Greer Sonny: batt; Duke Ellington and His Orchestra</subfield>
  </datafield>
  <datafield tag="511" ind1=" " ind2=" ">
    <subfield code="a">Whetsol Arthur: tr; Williams Cootie: tr; Stewart Rex: tr; Brown Lawrence: trne; Nanton Joe: trne; Tizol Juan: trne; Bigard Barney: cl, ten; Hodges Johnny: alto; Carney Harry: bar; Ellington Duke: p; Guy Fred: chit; Alvis Hayes: cb; Greer Sonny: batt; Teddy Wilson and His Orchestra</subfield>
  </datafield>
  <datafield tag="511" ind1=" " ind2=" ">
    <subfield code="a">Williams Cootie: tr; Hodges Johnny: alto; Carney Harry: bar; Wilson Teddy: p; Reuss Allen: chit; Kirby John: cb; Cole Cozy: batt; Lionel Hampton and His Orchestra</subfield>
  </datafield>
  <datafield tag="511" ind1=" " ind2=" ">
    <subfield code="a">Williams Cootie: tr; Brown Lawrence: trne; Mezzrow Mezz: cl; Hodges Johnny: alto; Stacy Jess: p; Hampton Lionel: vib; Reuss Allen: chit; Kirby John: cb; Cole Cozy: batt; Duke Ellington and His Famous Orchestra</subfield>
  </datafield>
  <datafield tag="511" ind1=" " ind2=" ">
    <subfield code="a">Jones Wallace: tr; Williams Cootie: tr; Stewart Rex: tr; Brown Lawrence: trne; Nanton Joe: trne; Tizol Juan: trne; Bigard Barney: cl, ten; Hodges Johnny: alto; Hardwicke Otto: alto; Carney Harry: bar; Ellington Duke: p; Alvis Hayes: cb; Taylor Billy: cb; Greer Sonny: batt; Cootie Williams and His Rug Cutters</subfield>
  </datafield>
  <datafield tag="511" ind1=" " ind2=" ">
    <subfield code="a">Williams Cootie: tr; Bigard Barney: cl, ten; Hodges Johnny: alto, cl; Hardwicke Otto: bar; Ellington Duke: p; Taylor Billy: cb; Greer Sonny: batt; Duke Ellington and His Orchestra</subfield>
  </datafield>
  <datafield tag="511" ind1=" " ind2=" ">
    <subfield code="a">Jones Wallace: tr; Williams Cootie: tr; Stewart Rex: tr; Brown Lawrence: trne; Nanton Joe: trne; Tizol Juan: trne; Bigard Barney: cl, ten; Hodges Johnny: ten; White Williams: alto; Webster Ben: ten; Carney Harry: bar; Ellington Duke: p; Blanton Jimmy: cb; Greer Sonny: batt; Benny Goodman and His Orchestra</subfield>
  </datafield>
  <datafield tag="511" ind1=" " ind2=" ">
    <subfield code="a">Williams Cootie: tr; Goodman Benny: cl; Auld George: ten; Basie Count: p; Christian Charlie: chit; Bernstein Art: cb; Jaeger Harry: batt; Benny Goodman and His Orchestra</subfield>
  </datafield>
  <datafield tag="511" ind1=" " ind2=" ">
    <subfield code="a">Williams Cootie: tr; Butterfield Billy: tr; Maxwell Jimmy: tr; Goodman Irving: tr; McGarity Lou: trne; Cutshall Cutty: trne; Goodman Benny: cl; Robinson Les: alto; Bivona Gus: alto; Auld George: ten; Mondello Pete: ten; Martin Skip: bar; Guarnieri Johnny: p; Bryan Mike: chit; Bernstein Art: cb; Tough Dave: batt; Mundy Jimmy: arr; Cootie Williams and His Orchestra</subfield>
  </datafield>
  <datafield tag="511" ind1=" " ind2=" ">
    <subfield code="a">Williams Cootie: tr; McGarity Lou: trne; Robinson Les: alto; Martin Skip: bar; Guarnieri Johnny: p; Bernstein Art: cb; Jones Jo: batt; Cootie Williams and His Orchestra</subfield>
  </datafield>
  <datafield tag="511" ind1=" " ind2=" ">
    <subfield code="a">Williams Cootie: tr; Fletcher Milton: tr; Guy Joe: tr; Bacon Louis: tr; Walker Jonas: trne; Horton Robert: trne; Williams Sandy: trne; Holmes Charlie: alto; Vinson Eddie: alto; Dorsey Bob: ten; Walton Greely: ten; Williams John: bar; Kersey Kenny: p; Keenan Norman: cb; Ballard Butch: batt; McRae Dave: arr; Cootie Williams and His Sextet</subfield>
  </datafield>
  <datafield tag="511" ind1=" " ind2=" ">
    <subfield code="a">Williams Cootie: tr; Vinson Eddie: alto; Davis Eddie: ten; Powell Bud: p; Keenan Norman: cb; Payne Sylvester: batt; Cootie Williams and His Orchestra</subfield>
  </datafield>
  <datafield tag="511" ind1=" " ind2=" ">
    <subfield code="a">Williams Cootie: tr; Perry Ermit: tr; Treadwell George: tr; Wright Lammar: tr; Stevenson Tommy: tr; Horton Robert: trne; Burke Ed: trne; Glover Ed: trne; Powell Frank: alto; Vinson Eddie: alto; Taylor Dam: ten; Pope Lee: ten; De Verteuil Eddie: bar; Powell Bud: p; Kirkland Leroy: chit; Pruitt Carl: cb; Payne Sylvester: batt; Cootie Williams and His Sextet</subfield>
  </datafield>
  <datafield tag="511" ind1=" " ind2=" ">
    <subfield code="a">Williams Cootie: tr; Parker Charlie: alto; Taylor Sam: ten; Jarvis Al: p; Pruitt Carl: cb; Payne Sylvester: batt; Cootie Williams and His Orchestra</subfield>
  </datafield>
  <datafield tag="511" ind1=" " ind2=" ">
    <subfield code="a">Williams Cootie: tr; Perry Ermit: tr; Gamble Otis: tr; Ford Billy: tr; Redd Gene: tr; Watson Julius: trne; Burke Ed: trne; Johnson Edward: trne; Cole Rupert: alto; Williams Daniel: alto; Clarke Chuck: ten; Johnson Edwin: ten; Ashton Bob: bar; Jarvis Arnold: p; Tinney Pee Wee: chit; Keenan Norman: cb; Ballard Butch: batt; Cootie &amp; Rex</subfield>
  </datafield>
  <datafield tag="511" ind1=" " ind2=" ">
    <subfield code="a">Williams Cootie: tr; Stewart Rex: tr; Brown Lawrence: trne; Higginbotham J.C.: trne; Hawkins Coleman: ten; Freeman Bud: ten; Jones Hank: p; Bauer Billy: chit; Hinton Milt: cb; Johnson Gus: batt; Wilkins Ernie: arr; Duke Ellington and His Orchestra</subfield>
  </datafield>
  <datafield tag="511" ind1=" " ind2=" ">
    <subfield code="a">Williams Cootie: tr; Anderson Cat: tr; Jones Herbie: tr; Ellington Mercer: tr; Brown Lawrence: trne; Cooper Buster: trne; Connors Chuck: trne; Hodges Johnny: alto; Procope Russell: alto; Gonsalves Paul: ten; Hamilton Jimmy: ten; Carney Harry: bar; Ellington Duke: p; Lamb John: cb; Woodyard Sam: batt</subfield>
  </datafield>
  <datafield tag="650" ind1=" " ind2=" ">
    <subfield code="a">JAZZ [COMPACT DISC]</subfield>
    <subfield code="e">Codice MATERIA SPICS: 9949</subfield>
    <subfield code="9">11822</subfield>
  </datafield>
  <datafield tag="700" ind1=" " ind2=" ">
    <subfield code="a">Williams Cootie</subfield>
    <subfield code="g">Codice interprete SPICS: 13053</subfield>
    <subfield code="e">Interprete</subfield>
    <subfield code="9">30360</subfield>
  </datafield>
  <datafield tag="700" ind1=" " ind2=" ">
    <subfield code="a">Bradford Perry</subfield>
    <subfield code="g">Codice autore musica SPICS: 18984</subfield>
    <subfield code="e">Autore musica</subfield>
    <subfield code="p">Mournful Tho'ts</subfield>
    <subfield code="9">30361</subfield>
  </datafield>
  <datafield tag="700" ind1=" " ind2=" ">
    <subfield code="a">Ellington Duke</subfield>
    <subfield code="g">Codice autore musica SPICS: 13023</subfield>
    <subfield code="e">Autore musica</subfield>
    <subfield code="p">Sweet Chariot - Bundle of Blues - Echoes of Harlem  - Riding On A Blue Note - Mobile Blues - Concerto For Cootie - Tutti For Cootie</subfield>
    <subfield code="9">30362</subfield>
  </datafield>
  <datafield tag="700" ind1=" " ind2=" ">
    <subfield code="a">Mills Irving</subfield>
    <subfield code="g">Codice autore SPICS: 13027</subfield>
    <subfield code="e">Autore</subfield>
    <subfield code="p">Sweet Chariot</subfield>
    <subfield code="9">30363</subfield>
  </datafield>
  <datafield tag="700" ind1=" " ind2=" ">
    <subfield code="a">Swift</subfield>
    <subfield code="g">Codice autore musica SPICS: 18950</subfield>
    <subfield code="e">Autore musica</subfield>
    <subfield code="p">Fine and Dandy</subfield>
    <subfield code="9">30364</subfield>
  </datafield>
  <datafield tag="700" ind1=" " ind2=" ">
    <subfield code="a">James</subfield>
    <subfield code="g">Codice autore SPICS: 41251</subfield>
    <subfield code="e">Autore</subfield>
    <subfield code="p">Fine and Dandy</subfield>
    <subfield code="9">30365</subfield>
  </datafield>
  <datafield tag="700" ind1=" " ind2=" ">
    <subfield code="a">Hampton Lionel</subfield>
    <subfield code="g">Codice autore musica SPICS: 10771</subfield>
    <subfield code="e">Autore musica</subfield>
    <subfield code="p">Stompology</subfield>
    <subfield code="9">30366</subfield>
  </datafield>
  <datafield tag="700" ind1=" " ind2=" ">
    <subfield code="a">Williams Spencer</subfield>
    <subfield code="g">Codice autore musica SPICS: 10731</subfield>
    <subfield code="e">Autore musica</subfield>
    <subfield code="p">Royal Garden Blues</subfield>
    <subfield code="9">30367</subfield>
  </datafield>
  <datafield tag="700" ind1=" " ind2=" ">
    <subfield code="a">Williams Clarence</subfield>
    <subfield code="g">Codice autore SPICS: 13039</subfield>
    <subfield code="e">Autore</subfield>
    <subfield code="p">Royal Garden Blues</subfield>
    <subfield code="9">30368</subfield>
  </datafield>
  <datafield tag="700" ind1=" " ind2=" ">
    <subfield code="a">Goodman Benny</subfield>
    <subfield code="g">Codice autore musica SPICS: 10538</subfield>
    <subfield code="e">Autore musica</subfield>
    <subfield code="p">Fiesta in blue</subfield>
    <subfield code="9">30369</subfield>
  </datafield>
  <datafield tag="700" ind1=" " ind2=" ">
    <subfield code="a">Oliver Joe (King)</subfield>
    <subfield code="g">Codice autore musica SPICS: 10763</subfield>
    <subfield code="e">Autore musica</subfield>
    <subfield code="p">West End Blues</subfield>
    <subfield code="9">30370</subfield>
  </datafield>
  <datafield tag="700" ind1=" " ind2=" ">
    <subfield code="a">Monk Thelonious</subfield>
    <subfield code="g">Codice autore musica SPICS: 10795</subfield>
    <subfield code="e">Autore musica</subfield>
    <subfield code="p">Fly Right - Round Midnight</subfield>
    <subfield code="9">30371</subfield>
  </datafield>
  <datafield tag="700" ind1=" " ind2=" ">
    <subfield code="a">Clarke Kenny</subfield>
    <subfield code="g">Codice autore SPICS: 10535</subfield>
    <subfield code="e">Autore</subfield>
    <subfield code="p">Fly Right</subfield>
    <subfield code="9">30372</subfield>
  </datafield>
  <datafield tag="700" ind1=" " ind2=" ">
    <subfield code="a">Williams Cootie</subfield>
    <subfield code="g">Codice autore testo/musica SPICS: 13053</subfield>
    <subfield code="e">Autore testo/musica</subfield>
    <subfield code="p">Fly Right - Round Midnight - Floogie Boo</subfield>
    <subfield code="9">30373</subfield>
  </datafield>
  <datafield tag="700" ind1=" " ind2=" ">
    <subfield code="a">Burwell Carter</subfield>
    <subfield code="g">Codice autore musica SPICS: 35884</subfield>
    <subfield code="e">Autore musica</subfield>
    <subfield code="p">Sweet Lorraine</subfield>
    <subfield code="9">30374</subfield>
  </datafield>
  <datafield tag="700" ind1=" " ind2=" ">
    <subfield code="a">Parish Mitchell</subfield>
    <subfield code="g">Codice autore SPICS: 23767</subfield>
    <subfield code="e">Autore</subfield>
    <subfield code="p">Sweet Lorraine</subfield>
    <subfield code="9">30375</subfield>
  </datafield>
  <datafield tag="700" ind1=" " ind2=" ">
    <subfield code="a">Vinson Eddie (Cleanhead)</subfield>
    <subfield code="g">Codice autore SPICS: 13054</subfield>
    <subfield code="e">Autore</subfield>
    <subfield code="p">Floogie Boo</subfield>
    <subfield code="9">30376</subfield>
  </datafield>
  <datafield tag="700" ind1=" " ind2=" ">
    <subfield code="a">Williams</subfield>
    <subfield code="g">Codice autore musica SPICS: 20150</subfield>
    <subfield code="e">Autore musica</subfield>
    <subfield code="p">Sound Track</subfield>
    <subfield code="9">30377</subfield>
  </datafield>
  <datafield tag="700" ind1=" " ind2=" ">
    <subfield code="a">Johnson</subfield>
    <subfield code="g">Codice autore SPICS: 20146</subfield>
    <subfield code="e">Autore</subfield>
    <subfield code="p">Sound Track</subfield>
    <subfield code="9">30378</subfield>
  </datafield>
  <datafield tag="700" ind1=" " ind2=" ">
    <subfield code="a">Stewart Rex</subfield>
    <subfield code="g">Codice autore musica SPICS: 16358</subfield>
    <subfield code="e">Autore musica</subfield>
    <subfield code="p">I Knew You When</subfield>
    <subfield code="9">30379</subfield>
  </datafield>
  <datafield tag="700" ind1=" " ind2=" ">
    <subfield code="a">Wilkins E.</subfield>
    <subfield code="g">Codice autore SPICS: 43009</subfield>
    <subfield code="e">Autore</subfield>
    <subfield code="p">I Knew You When</subfield>
    <subfield code="9">30380</subfield>
  </datafield>
  <datafield tag="700" ind1=" " ind2=" ">
    <subfield code="a">Hamilton Jimmy</subfield>
    <subfield code="g">Codice autore SPICS: 16159</subfield>
    <subfield code="e">Autore</subfield>
    <subfield code="p">Tutti For Cootie</subfield>
    <subfield code="9">30381</subfield>
  </datafield>
  <datafield tag="942" ind1=" " ind2=" ">
    <subfield code="c">CD</subfield>
    <subfield code="2">ddc</subfield>
  </datafield>
  <datafield tag="952" ind1=" " ind2=" ">
    <subfield code="0">0</subfield>
    <subfield code="1">0</subfield>
    <subfield code="4">0</subfield>
    <subfield code="6">C_8388_000000000000000</subfield>
    <subfield code="7">1</subfield>
    <subfield code="a">SPICS</subfield>
    <subfield code="b">SPICS</subfield>
    <subfield code="d">2013-10-25</subfield>
    <subfield code="l">0</subfield>
    <subfield code="o">C8388</subfield>
    <subfield code="r">2013-10-25 00:00:00</subfield>
    <subfield code="w">2013-10-25</subfield>
    <subfield code="y">CD</subfield>
    <subfield code="z">Progr. Ins.: 1495 / N.Vol.: 1 / Copie: 1 - Copia rara: n.d. / date import: 01.01.2014 - By Epidotti, Trombetti, Vaglietti</subfield>
  </datafield>
</record>
